000
00218 a2200097 4500
001
15102
100
_a
Macpherson S
245
_a
Social policy in third world
260
_a
_b
Harvester press
_c
090
_c
11853
_d
11853
942
_a
NUST-CAE
_c
M
_c
2062
999
_c
250175
_d
250175